000
00294nam a2200145Ia 4500
100
_a
PATNI UJJWAL
650
_a
General
942
_c
BK
366
_f
20
245
_a
YASHASHWI VAKTA
260
_b
DIAMOND BOOKS
_a
New Delhi
_c
2012
082
_a
170/PAT
300
_a
237
546
_a
ENGLISH
999
_c
35377
_d
35377